| 000 | 01324nam a2200217 4500 | ||
|---|---|---|---|
| 001 | ESSALUD | ||
| 005 | 20260630194535.0 | ||
| 007 | ta | ||
| 008 | t pe ||||| |||| 00| 0 spa d | ||
| 040 | _aBMG | ||
| 041 | _aspa | ||
| 100 |
_aTribunal Constitucional _eAutor _953009 |
||
| 245 | _aOcultar al hijo quienes son sus padres genéticos es una clara vulneración de su identidad biológica | ||
| 300 | _apáginas 164-191 | ||
| 520 | _aEl derecho a la identidad biológica o el derecho a conocer su origen biológico, es un derecho humano fundamental del menor y de cualquier persona, indistintamente de la edad que tenga, que busca conocer y saber sus raíces dadas por la naturaleza, y que debe estar por encima de los intereses de las personas que intervinieron para traerlo al mundo. Todo intento de ocultar la identidad de los padres genéticos podría ser una clara vulneración del derecho del hijo a la identidad biológica; aún más, el desconocimiento de esa verdad podría implicar un daño a su identidad | ||
| 650 |
_aDERECHO A LA IDENTIDAD _952968 |
||
| 650 |
_aIDENTIDAD BIOLÓGICA _953013 |
||
| 650 |
_aDERECHOS HUMANOS _9478 |
||
| 773 | 0 |
_022573 _922620 _dLima Grupo Praxis Formación Profesional, 2026- _oPRA001 _tPraxis Civil & Procesal Civil _wESSALUD _x3119-7671 |
|
| 942 |
_cARTICULOS _e2026-06-30 _zsqb |
||
| 999 |
_c22588 _d22588 |
||